[Event "8th Asia-ch"]
[Site "Subic Bay Free Port PHI"]
[Date "2010.04.21"]
[Round "1"]
[White "Dableo, Ronald"]
[Black "Mariano, Nelson"]
[Result "1/2-1/2"]
[WhiteElo "2464"]
[BlackElo "2118"]
[EventDate "2010.04.21"]
[PlyCount "139"]

1.Nf3 Nf6 2.b3 e6 3.Bb2 b6 4.g3 Bb7 5.Bg2 d6 6.O-O Nbd7 7.d3 g6 8.e4 Bg7 
9.Nbd2 O-O 10.Qe1 Ne8 11.Bxg7 Nxg7 12.Qe3 Qf6 13.Ng5 Ne5 14.f4 Ng4 15.Qe2 
Qd4+ 16.Kh1 f5 17.c3 Qe3 18.Rae1 Qxe2 19.Rxe2 h6 20.Ngf3 Rac8 21.e5 Rcd8 
22.Nh4 Bxg2+ 23.Kxg2 g5 24.Ng6 Rfe8 25.h3 Kh7 26.hxg4 Kxg6 27.gxf5+ Nxf5 
28.exd6 cxd6 29.fxg5 hxg5 30.g4 Nh6 31.Kg3 e5 32.Ref2 d5 33.Re2 Re6 34.
Rfe1 Rc6 35.Rxe5 Rxc3 36.Nf3 Nf7 37.Rf5 Rd6 38.Re7 Rf6 39.Rxd5 Rc1 40.Rxa7
Rf1 41.Rf5 Rxf5 42.gxf5+ Kf6 43.Rb7 Nd8 44.Rxb6+ Kxf5 45.Rb5+ Kf6 46.Kg4 
Nf7 47.Kg3 Nd8 48.a4 Ne6 49.Kg4 Rf2 50.Rb6 Ke7 51.Kg3 Rb2 52.d4 Nf4 53.Kg4
Rg2+ 54.Kf5 Rf2 55.Rb7+ Kd6 56.Nxg5 Ne6+ 57.Kg6 Nf4+ 58.Kg7 Rg2 59.Kf6 
Nd5+ 60.Kg6 Rg4 61.a5 Kc6 62.a6 Nc7 63.Kf5 Rg2 64.Rb4 Nxa6 65.Rc4+ Kd5 66.
Ne6 Rb2 67.Nf4+ Kd6 68.d5 Nc7 69.Rc6+ Kd7 70.Rb6 1/2-1/2

[Event "8th Asia-ch"]
[Site "Subic Bay Free Port PHI"]
[Date "2010.04.21"]
[Round "1"]
[White "Turqueza, Mari Joseph"]
[Black "Gao Rui"]
[Result "0-1"]
[WhiteElo "2087"]
[BlackElo "2464"]
[EventDate "2010.04.21"]
[PlyCount "138"]

1.d4 Nf6 2.c4 c5 3.Nf3 e6 4.g3 cxd4 5.Nxd4 Qb6 6.Bg2 Bc5 7.e3 Nc6 8.Nc2 d5
9.cxd5 exd5 10.O-O Bg4 11.Bf3 Bxf3 12.Qxf3 Ne5 13.Qe2 O-O 14.b3 Qe6 15.Bb2
Rfe8 16.Kg2 Qf5 17.Bd4 Rac8 18.Bxc5 Rxc5 19.Nd4 Qe4+ 20.Kg1 Nd3 21.Rd1 Nb4
22.Qd2 Nc6 23.Nc3 Qg4 24.Nxc6 bxc6 25.Rac1 Qh3 26.Re1 Ng4 27.f3 Ne5 28.Rf1
Qf5 29.Kg2 Qd3 30.Rfd1 Qf5 31.Rf1 h5 32.Qd4 Ra5 33.a4 Ra6 34.e4 dxe4 35.
Qxe4 Qxe4 36.Nxe4 Rb6 37.Nc5 Rd8 38.Rfd1 Rbb8 39.Kf2 g6 40.h3 g5 41.f4 
gxf4 42.gxf4 Rxd1 43.Rxd1 Ng6 44.Rg1 Rb4 45.Ke3 Kh7 46.Rf1 Ne7 47.f5 Nd5+ 
48.Kd2 Kg7 49.Nd7 f6 50.Nc5 Kf7 51.Rf3 Ke7 52.Ne6 Kd6 53.Ng7 h4 54.Kc2 Rf4
55.Rd3 Ke5 56.Kc1 Rf1+ 57.Kd2 Rf2+ 58.Ke1 Rg2 59.Ne6 Kxf5 60.Nc5 Rc2 61.
Rf3+ Ke5 62.b4 f5 63.Kd1 Rg2 64.b5 cxb5 65.axb5 f4 66.Ra3 Ne3+ 67.Ke1 Rb2 
68.b6 axb6 69.Nd3+ Ke4 0-1

[Event "8th Asia-ch"]
[Site "Subic Bay Free Port PHI"]
[Date "2010.04.21"]
[Round "1"]
[White "Golizadeh, Asghar"]
[Black "Paulo, Bersamina"]
[Result "1-0"]
[WhiteElo "2454"]
[BlackElo "1927"]
[EventDate "2010.04.21"]
[PlyCount "127"]

1.e4 c5 2.Nf3 g6 3.d4 cxd4 4.Qxd4 Nf6 5.e5 Nc6 6.Qf4 Nd5 7.Qe4 Nb6 8.Nc3 
d5 9.Qh4 Bf5 10.Bd3 Qd7 11.O-O Bg7 12.Re1 O-O-O 13.a4 Bxd3 14.cxd3 Qf5 15.
a5 Nd7 16.d4 Ndb8 17.Bd2 Na6 18.Na4 h6 19.b4 Nc7 20.a6 b6 21.Rec1 g5 22.
Qg3 Kd7 23.Nc3 e6 24.Ne2 Nb5 25.Be3 Rc8 26.h4 g4 27.Nh2 h5 28.f3 Qd3 29.
Qf2 g3 30.Nxg3 Nxb4 31.Rd1 Qg6 32.Qb2 Bf8 33.Nhf1 Qc2 34.Rd2 Qxb2 35.Rxb2 
Nc2 36.Rd1 Nc3 37.Rd3 Nb4 38.Rdd2 Nxa6 39.f4 Be7 40.f5 Bxh4 41.Rd3 Rc7 42.
Bd2 Rhc8 43.fxe6+ fxe6 44.Nxh5 Ne2+ 45.Kh2 Rh8 46.g4 Rf8 47.Kh3 Be7 48.Nh2
Rf2 49.Nf3 Rc4 50.g5 Kc7 51.g6 Bf8 52.Nf6 Kd8 53.Rb1 Nc7 54.Ng4 Rxf3+ 55.
Rxf3 Bg7 56.Rf7 Ne8 57.Bg5+ Kc8 58.Re7 Rc3+ 59.Kh4 Nxd4 60.Rxe8+ Kb7 61.
Rf1 Nf5+ 62.Rxf5 exf5 63.Re7+ Ka6 64.Rxg7 1-0

[Event "8th Asia-ch"]
[Site "Subic Bay Free Port PHI"]
[Date "2010.04.21"]
[Round "1"]
[White "Galvan, Jesus"]
[Black "Sharavdorj, Dashzeveg"]
[Result "0-1"]
[WhiteElo "2230"]
[BlackElo "2443"]
[EventDate "2010.04.21"]
[PlyCount "94"]

1.d4 Nf6 2.Nf3 g6 3.h3 Bg7 4.Bf4 O-O 5.e3 d6 6.Be2 c5 7.c3 Nc6 8.O-O Qb6 
9.Qb3 Be6 10.Qxb6 axb6 11.a3 h5 12.Nbd2 g5 13.Bh2 Bf5 14.Rfe1 d5 15.Ne5 
Rfc8 16.Ndf3 Na5 17.Nd2 Nc6 18.Ndf3 Ne4 19.Rad1 f6 20.Nxc6 bxc6 21.Nd2 
Nxd2 22.Rxd2 c4 23.e4 Bxe4 24.Bxc4 dxc4 25.Rxe4 Kf7 26.g4 Ra5 27.Rde2 Bf8 
28.Re6 Rd5 29.f4 gxf4 30.Bxf4 b5 31.h4 c5 32.dxc5 Rcxc5 33.gxh5 Rd1+ 34.
Kg2 Rb1 35.Bh6 Bxh6 36.Rxe7+ Kg8 37.Re8+ Kh7 38.R8e7+ Bg7 39.Kf3 Rg5 40.
Rh2 Kh6 41.Ra7 Rf1+ 42.Ke2 Rfg1 43.a4 R5g4 44.Kf3 R1g3+ 45.Kf2 Rd3 46.Kf1 
Rd1+ 47.Ke2 Rgg1 0-1

[Event "8th Asia-ch"]
[Site "Subic Bay Free Port PHI"]
[Date "2010.04.22"]
[Round "2"]
[White "Bitoon, Richard"]
[Black "Zhou Jianchao"]
[Result "1/2-1/2"]
[WhiteElo "2476"]
[BlackElo "2650"]
[EventDate "2010.04.21"]
[PlyCount "80"]

1.e4 c5 2.Nf3 d6 3.d4 cxd4 4.Nxd4 Nf6 5.Nc3 a6 6.Bc4 e6 7.Bb3 Nbd7 8.f4 
Nc5 9.O-O Be7 10.e5 dxe5 11.fxe5 Nxb3 12.axb3 Bc5 13.Be3 Nd5 14.Bf2 Nxc3 
15.bxc3 O-O 16.Qg4 Be7 17.Rae1 a5 18.Nb5 Bd7 19.Nd6 f5 20.Qc4 b5 21.Qd3 
Bc6 22.Bc5 Ra6 23.c4 b4 24.Rd1 Qc7 25.Be3 Rfa8 26.c5 Bd5 27.Rxf5 Qc6 28.
Rh5 g6 29.Rh6 Kg7 30.Rf1 Rf8 31.Rxf8 Bxf8 32.Rh4 Kg8 33.Qf1 Ra7 34.Qf6 Qa8
35.h3 Bg7 36.Qg5 a4 37.Rxb4 axb3 38.cxb3 Ra1+ 39.Kh2 Bxg2 40.Qxg2 Bxe5+ 
1/2-1/2

[Event "8th Asia-ch"]
[Site "Subic Bay Free Port PHI"]
[Date "2010.04.22"]
[Round "2"]
[White "Nguyen Huynh Minh Huy"]
[Black "Li Chao"]
[Result "1/2-1/2"]
[WhiteElo "2469"]
[BlackElo "2613"]
[EventDate "2010.04.21"]
[PlyCount "63"]

1.Nf3 Nf6 2.c4 g6 3.Nc3 d5 4.cxd5 Nxd5 5.Qa4+ Nc6 6.Ne5 Qd6 7.Nxc6 Qxc6 8.
Qxc6+ bxc6 9.g3 Bg7 10.Bg2 Be6 11.b3 O-O-O 12.Bb2 Nxc3 13.Bxc3 Bxc3 14.
dxc3 Rd6 15.Rd1 Rhd8 16.Rxd6 Rxd6 17.Be4 c5 18.f3 Bf5 19.Bxf5+ gxf5 20.Kf2
Rd2 21.Ra1 c4 22.bxc4 Rc2 23.Rb1 a6 24.Rb3 Rxa2 25.Ke3 h5 26.Rb1 a5 27.h4 
f4+ 28.gxf4 f5 29.Kd3 a4 30.Rb5 e6 31.e4 Rh2 32.exf5 1/2-1/2

[Event "8th Asia-ch"]
[Site "Subic Bay Free Port PHI"]
[Date "2010.04.22"]
[Round "2"]
[White "Gopal, Geetha Narayanan"]
[Black "Golizadeh, Asghar"]
[Result "1/2-1/2"]
[WhiteElo "2604"]
[BlackElo "2454"]
[EventDate "2010.04.21"]
[PlyCount "57"]

1.e4 c5 2.Nf3 g6 3.d4 cxd4 4.Nxd4 Nc6 5.c4 Nf6 6.Nc3 Nxd4 7.Qxd4 d6 8.Be3 
Bg7 9.Be2 O-O 10.Qd2 Be6 11.O-O Qa5 12.Rac1 Rfc8 13.b3 a6 14.Nd5 Qxd2 15.
Bxd2 Bxd5 16.exd5 Ne4 17.Ba5 b6 18.Bxb6 Nc3 19.Bg4 f5 20.Bxf5 Nxa2 21.Rce1
Rab8 22.Ba5 Kf7 23.Bb1 Rc5 24.Bd2 Bc3 25.Be3 Bxe1 26.Bxc5 Bd2 27.Be3 Bxe3 
28.fxe3+ Kg7 29.e4 1/2-1/2

[Event "8th Asia-ch"]
[Site "Subic Bay Free Port PHI"]
[Date "2010.04.22"]
[Round "2"]
[White "Zhou Weiqi"]
[Black "Neelotpal, Das"]
[Result "1/2-1/2"]
[WhiteElo "2584"]
[BlackElo "2445"]
[EventDate "2010.04.21"]
[PlyCount "52"]

1.d4 Nf6 2.c4 e6 3.Nf3 Bb4+ 4.Bd2 c5 5.Bxb4 cxb4 6.e3 O-O 7.Be2 d6 8.O-O 
Nc6 9.Nbd2 Qe7 10.Ne1 a5 11.Nd3 e5 12.d5 Nb8 13.a3 Na6 14.axb4 e4 15.Nc1 
axb4 16.Ncb3 Bd7 17.Ra2 Qe5 18.Re1 h5 19.Qc2 Rae8 20.Ra5 Re7 21.Nf1 Qg5 
22.f4 exf3 23.Bxf3 Ng4 24.Bxg4 Qxg4 25.Nd4 Nc5 26.b3 h4 1/2-1/2

[Event "8th Asia-ch"]
[Site "Subic Bay Free Port PHI"]
[Date "2010.04.22"]
[Round "2"]
[White "Nguyen Anh Dung"]
[Black "Ghaem Maghami, Ehsan"]
[Result "1/2-1/2"]
[WhiteElo "2464"]
[BlackElo "2575"]
[EventDate "2010.04.21"]
[PlyCount "60"]

1.d4 Nf6 2.c4 e6 3.Nf3 c5 4.e3 d5 5.cxd5 exd5 6.Be2 Nc6 7.O-O cxd4 8.exd4 
h6 9.Re1 Bb4 10.Bd2 Bxd2 11.Qxd2 O-O 12.Nc3 Bf5 13.Bd3 Bxd3 14.Qxd3 Qb6 
15.Re2 Rfe8 16.Rae1 Rxe2 17.Rxe2 Rd8 18.h3 Qb4 19.Qd2 a6 20.Qf4 Qd6 21.
Qxd6 Rxd6 22.Kf1 Kf8 23.Ke1 Re6 24.Rxe6 fxe6 25.Kd2 Ke7 26.Ke3 Kd6 27.g4 
Nd7 28.b3 g5 29.Ne2 Nb4 30.Nc1 b6 1/2-1/2

[Event "8th Asia-ch"]
[Site "Subic Bay Free Port PHI"]
[Date "2010.04.22"]
[Round "2"]
[White "Yu Yangyi"]
[Black "Kuderinov, Kirill"]
[Result "1-0"]
[WhiteElo "2574"]
[BlackElo "2442"]
[EventDate "2010.04.21"]
[PlyCount "85"]

1.e4 e5 2.Nf3 Nc6 3.Bb5 a6 4.Ba4 Nf6 5.O-O Be7 6.Re1 d6 7.c3 Bg4 8.h3 Bh5 
9.d3 O-O 10.Nbd2 Nd7 11.Bc2 Nc5 12.g4 Bg6 13.d4 exd4 14.cxd4 Nd7 15.d5 Nb4
16.Bb1 Nc5 17.Nf1 a5 18.Ng3 c6 19.a3 Nba6 20.Nf5 cxd5 21.Qxd5 Nc7 22.Qd1 
a4 23.Bc2 Re8 24.Bf4 Ra6 25.Qd2 N7e6 26.Bg3 Bg5 27.Qc3 Bf6 28.e5 dxe5 29.
Bxe5 Bxe5 30.Rxe5 Rc6 31.Rae1 Bxf5 32.gxf5 Nd7 33.fxe6 Nxe5 34.Nxe5 Rcxe6 
35.Bxa4 Qg5+ 36.Kf1 Rd8 37.Bb3 Rf6 38.Nxf7 Rxf7 39.Qc7 Qb5+ 40.Bc4 Rd5 41.
Qc8+ Rf8 42.Qe6+ Kh8 43.Bxb5 1-0

[Event "8th Asia-ch"]
[Site "Subic Bay Free Port PHI"]
[Date "2010.04.22"]
[Round "2"]
[White "Gao Rui"]
[Black "Antonio, Rogelio jr"]
[Result "1/2-1/2"]
[WhiteElo "2464"]
[BlackElo "2572"]
[EventDate "2010.04.21"]
[PlyCount "53"]

1.e4 c6 2.d4 d5 3.Nc3 dxe4 4.Nxe4 Bf5 5.Ng3 Bg6 6.h4 h6 7.Nf3 Nd7 8.h5 Bh7
9.Bd3 Bxd3 10.Qxd3 e6 11.Bd2 Ngf6 12.O-O-O Be7 13.Ne4 O-O 14.Nxf6+ Nxf6 
15.g4 Nxg4 16.Rhg1 f5 17.Qe2 Kh7 18.Ne5 Bf6 19.Bb4 Re8 20.Nf7 Qd7 21.Nd6 
Red8 22.f3 Bg5+ 23.Kb1 Nf6 24.Nc4 Qe8 25.Nd6 Qd7 26.Nc4 Qe8 27.Nd6 1/2-1/2

[Event "8th Asia-ch"]
[Site "Subic Bay Free Port PHI"]
[Date "2010.04.22"]
[Round "2"]
[White "Rahman, Ziaur"]
[Black "Yu Ruiyuan"]
[Result "0-1"]
[WhiteElo "2558"]
[BlackElo "2309"]
[EventDate "2010.04.21"]
[PlyCount "86"]

1.d4 d5 2.Nf3 Nf6 3.c4 dxc4 4.e3 e6 5.Bxc4 a6 6.O-O c5 7.a4 Nc6 8.Qe2 Be7 
9.Rd1 cxd4 10.exd4 O-O 11.Nc3 Nb4 12.Ne5 b6 13.Qf3 Ra7 14.Qg3 Kh8 15.Bg5 
Rc7 16.Qh3 Bb7 17.Bxe6 fxe6 18.Ng6+ Kg8 19.Qxe6+ Rf7 20.Ne5 Bd6 21.Bf4 Qe7
22.Qb3 Bd5 23.Nxd5 Nbxd5 24.Nxf7 Bxf4 25.Ne5 Bxe5 26.dxe5 Qxe5 27.Re1 Qf5 
28.Re2 h6 29.g3 Kh7 30.Rae1 a5 31.Re5 Qc2 32.Qf3 Rc5 33.R5e2 Qxa4 34.Qf5+ 
Kh8 35.h4 Qb5 36.Re8+ Nxe8 37.Qf8+ Kh7 38.Rxe8 Nf6 39.Re7 Rc1+ 40.Kh2 Rh1+
41.Kg2 Qf1+ 42.Kf3 Qd1+ 43.Kg2 Rg1+ 0-1

[Event "8th Asia-ch"]
[Site "Subic Bay Free Port PHI"]
[Date "2010.04.22"]
[Round "2"]
[White "Sharavdorj, Dashzeveg"]
[Black "Laylo, Darwin"]
[Result "1/2-1/2"]
[WhiteElo "2443"]
[BlackElo "2527"]
[EventDate "2010.04.21"]
[PlyCount "85"]

1.d4 Nf6 2.Nf3 g6 3.c4 Bg7 4.Nc3 d5 5.Qb3 dxc4 6.Qxc4 O-O 7.e4 Na6 8.Be2 
c5 9.d5 e6 10.O-O exd5 11.exd5 b5 12.Nxb5 Qxd5 13.Rd1 Qxc4 14.Bxc4 Nb4 15.
Bf4 Ba6 16.a3 Nc6 17.Nd6 Bxc4 18.Nxc4 Rfd8 19.Kf1 Ne4 20.Ng5 Re8 21.Re1 
Nxg5 22.Rxe8+ Rxe8 23.Bxg5 Nd4 24.Be3 Ne6 25.Rd1 Rb8 26.Rd2 h5 27.Ke2 a5 
28.Kd1 a4 29.Kc2 Bd4 30.Rd3 f5 31.g3 g5 32.f3 f4 33.gxf4 gxf4 34.Bc1 Bg1 
35.Rd5 h4 36.Bxf4 Rf8 37.Be5 Rxf3 38.Rd3 Ng5 39.Rxf3 Nxf3 40.h3 Kf7 41.Bc7
Ke6 42.Nb6 Bf2 43.Bd8 1/2-1/2

[Event "8th Asia-ch"]
[Site "Subic Bay Free Port PHI"]
[Date "2010.04.22"]
[Round "2"]
[White "Megaranto, Susanto"]
[Black "Segarra, Randy"]
[Result "1-0"]
[WhiteElo "2527"]
[BlackElo "2298"]
[EventDate "2010.04.21"]
[PlyCount "49"]

1.e4 c5 2.Nf3 e6 3.d4 cxd4 4.Nxd4 a6 5.Bd3 Nf6 6.O-O e5 7.Ne2 Bc5 8.Nbc3 
h6 9.Ng3 d6 10.Nd5 Nc6 11.Be3 Nxd5 12.exd5 Ne7 13.Bxc5 dxc5 14.c4 O-O 15.
Qe2 Qc7 16.Rac1 f6 17.f4 exf4 18.Nh5 Rf7 19.Nxf4 Bd7 20.Qh5 Qd6 21.Bh7+ 
Kf8 22.Ne6+ Ke8 23.Nxg7+ Kf8 24.Ne6+ Ke8 25.Rxf6 1-0

[Event "8th Asia-ch"]
[Site "Subic Bay Free Port PHI"]
[Date "2010.04.22"]
[Round "2"]
[White "Lu Shanglei"]
[Black "Djao Thien Hai"]
[Result "1/2-1/2"]
[WhiteElo "2340"]
[BlackElo "2523"]
[EventDate "2010.04.21"]
[PlyCount "90"]

1.e4 c5 2.Nf3 d6 3.d4 cxd4 4.Nxd4 Nf6 5.f3 e5 6.Nb3 Be6 7.c4 a5 8.Be3 a4 
9.N3d2 Qa5 10.Nc3 Be7 11.Be2 O-O 12.Nb5 Na6 13.O-O Rfc8 14.Rc1 Nc7 15.Nc3 
Bd7 16.Ndb1 b5 17.cxb5 Nxb5 18.Nxb5 Bxb5 19.Bxb5 Qxb5 20.Qd2 h6 21.Nc3 Qb7
22.Rc2 Rd8 23.Rd1 Rd7 24.Nd5 Nxd5 25.Qxd5 Qxd5 26.Rxd5 Rb7 27.Bd2 Rab8 28.
Bc3 a3 29.bxa3 Rc8 30.Kf1 Ra7 31.Rdd2 Rac7 32.Rd3 Ra8 33.Rdd2 Rac8 34.Rd3 
Ra8 35.Ke1 Rxa3 36.Bd2 Rxc2 37.Rxa3 Bg5 38.Bxg5 hxg5 39.Ra8+ Kh7 40.Kf1 
Kg6 41.a4 g4 42.fxg4 Rc4 43.Ra6 Rxe4 44.Rxd6+ f6 45.a5 Rxg4 1/2-1/2

[Event "8th Asia-ch"]
[Site "Subic Bay Free Port PHI"]
[Date "2010.04.22"]
[Round "2"]
[White "Padmini, Rout"]
[Black "Sethuraman, Panayapan"]
[Result "0-1"]
[WhiteElo "2319"]
[BlackElo "2493"]
[EventDate "2010.04.21"]
[PlyCount "183"]

1.e4 c5 2.Nf3 d6 3.d4 cxd4 4.Nxd4 Nf6 5.Nc3 e6 6.g4 h6 7.h4 Nc6 8.Rg1 d5 
9.exd5 Nxd5 10.Nxd5 exd5 11.Bb5 Bd7 12.Be3 Be7 13.Qd2 Nxd4 14.Bxd7+ Qxd7 
15.Bxd4 Qe6+ 16.Qe3 Bxh4 17.O-O-O O-O 18.Qd2 Qe4 19.Be3 Rac8 20.c3 Rfd8 
21.Qc2 b6 22.Rd3 Bf6 23.g5 Qg6 24.f4 hxg5 25.fxg5 Be5 26.Qd1 d4 27.Rg4 Rd6
28.Bxd4 Qf5 29.b3 Rxd4 30.Rgxd4 Bxd4 31.Rxd4 Rxc3+ 32.Kb2 Rc8 33.Rd5 Qe4 
34.a4 Re8 35.a5 Qe6 36.Qd3 bxa5 37.Rxa5 Qb6 38.Rd5 Qf2+ 39.Ka3 Qe1 40.Ka2 
Re2+ 41.Ka3 Re8 42.Kb2 a5 43.Rd8 Qe5+ 44.Ka2 g6 45.Rxe8+ Qxe8 46.Qd5 Qe2+ 
47.Ka3 Qe7+ 48.Kb2 Qc7 49.Qd4 Qb8 50.Ka3 Qb5 51.Qd8+ Kh7 52.Qe7 Qd5 53.b4 
Kg7 54.bxa5 Qxa5+ 55.Kb2 Qb6+ 56.Kc2 Qd4 57.Kc1 Qd3 58.Kb2 Qc4 59.Qf6+ Kh7
60.Qd8 Kg7 61.Qf6+ Kg8 62.Qd8+ Kh7 63.Qf6 Qe6 64.Qd8 Kg7 65.Kc2 f6 66.
gxf6+ Qxf6 67.Qd7+ Kh6 68.Qh3+ Kg5 69.Qg3+ Kh5 70.Qh2+ Qh4 71.Qe2+ Qg4 72.
Qe7 Qf5+ 73.Kd1 Qf1+ 74.Kc2 g5 75.Qh7+ Kg4 76.Qe4+ Qf4 77.Qg2+ Kh4 78.Qb7 
g4 79.Qh7+ Kg3 80.Kb3 Qe4 81.Qh1 Kf4 82.Qh2+ Kg5 83.Qc7 Qe3+ 84.Ka2 g3 85.
Qg7+ Kf4 86.Qf6+ Kg4 87.Qg6+ Kf3 88.Qf5+ Kg2 89.Qg4 Qf3 90.Qe6 Kg1 91.Qe1+
Kh2 92.Qe5 0-1

[Event "8th Asia-ch"]
[Site "Subic Bay Free Port PHI"]
[Date "2010.04.22"]
[Round "2"]
[White "Nguyen Ngoc Truong Son"]
[Black "Chan Wei Xuan, Timothy"]
[Result "1-0"]
[WhiteElo "2642"]
[BlackElo "2341"]
[EventDate "2010.04.21"]
[PlyCount "137"]

1.d4 Nf6 2.c4 e6 3.Nf3 b6 4.g3 Ba6 5.Qc2 c5 6.d5 exd5 7.cxd5 Bb7 8.Bg2 
Nxd5 9.O-O Be7 10.Rd1 Qc8 11.a3 Nf6 12.Bg5 O-O 13.Nc3 Rd8 14.Bxf6 Bxf6 15.
Nd5 Bxd5 16.Rxd5 Nc6 17.Nd2 Nd4 18.Qd3 Rb8 19.Ne4 Be7 20.Rd1 d6 21.e3 Ne6 
22.Nxd6 Bxd6 23.Rxd6 Qc7 24.Rd5 c4 25.Qf5 g6 26.Qf6 Rxd5 27.Bxd5 Rd8 28.e4
b5 29.Kg2 Rd7 30.a4 bxa4 31.Rc1 Qd8 32.Qxd8+ Nxd8 33.Rxc4 Nb7 34.Rxa4 Nd6 
35.h4 h5 36.Ra5 Kg7 37.e5 Ne8 38.e6 fxe6 39.Bxe6 Re7 40.Bc4 Nd6 41.Bd3 Nf7
42.Ra6 Nh8 43.b4 Rb7 44.b5 Re7 45.f3 Kh6 46.Kf2 Kg7 47.Bc4 Nf7 48.Bd3 Nh8 
49.Rd6 Kh6 50.Be4 Kg7 51.Ke3 Re5 52.Rd5 Re7 53.Kd4 Nf7 54.Kc5 Kf6 55.Kb4 
Kg7 56.Ka4 Rc7 57.Ka5 Kf6 58.Ka6 Ke6 59.Rd1 Nd6 60.Bc6 Nf5 61.g4 Nxh4 62.
Rh1 Ng2 63.gxh5 gxh5 64.Bb7 Rc5 65.Bc6 Nf4 66.Kxa7 Nd3 67.Be8 Rc7+ 68.Kb6 
Rh7 69.Bg6 1-0

[Event "8th Asia-ch"]
[Site "Subic Bay Free Port PHI"]
[Date "2010.04.22"]
[Round "2"]
[White "Garcia, Jan Emmanuel"]
[Black "Zhang Zhong"]
[Result "1-0"]
[WhiteElo "2315"]
[BlackElo "2603"]
[EventDate "2010.04.21"]
[PlyCount "115"]

1.c4 e5 2.g3 Nf6 3.Bg2 Nc6 4.d3 g6 5.Nc3 Bg7 6.e3 O-O 7.Nge2 d6 8.O-O Be6 
9.Nd5 a5 10.Nec3 Nd7 11.Bd2 Nc5 12.Be1 Bf5 13.Ne4 Bd7 14.Nxc5 dxc5 15.Bc3 
Nb8 16.Bd2 Be6 17.Qc2 Nd7 18.Rad1 c6 19.Nc3 f5 20.Bc1 Qc7 21.b3 Rae8 22.
Ne2 Nf6 23.Ba3 Nd7 24.d4 e4 25.dxc5 Rf7 26.Nf4 Bf8 27.Nd5 Qb8 28.Qc3 b6 
29.b4 axb4 30.Nxb4 bxc5 31.Nd5 Ne5 32.Rb1 Qd6 33.Nb6 Ra7 34.Bb2 Bg7 35.Qc2
Qd3 36.Qb3 Rb8 37.Bxe5 Bxe5 38.Qxd3 exd3 39.Bxc6 Rxa2 40.Bd5 Rxb6 41.Rxb6 
Bxd5 42.cxd5 c4 43.d6 Kf7 44.d7 Ke7 45.Re6+ Kxd7 46.Rxe5 Kd6 47.Rb5 Kc6 
48.Rb8 Rc2 49.Rd8 Kc5 50.Rd1 Rc3 51.Rb1 Rc2 52.Kf1 g5 53.Rd1 Rc3 54.g4 
fxg4 55.e4 Ra3 56.e5 Ra6 57.Re1 Re6 58.Re4 1-0

[Event "8th Asia-ch"]
[Site "Subic Bay Free Port PHI"]
[Date "2010.04.22"]
[Round "2"]
[White "Kidambi, Sundararajan"]
[Black "Duong The Anh"]
[Result "1/2-1/2"]
[WhiteElo "2520"]
[BlackElo "2425"]
[EventDate "2010.04.21"]
[PlyCount "87"]

1.d4 e6 2.Nf3 b6 3.g3 Bb7 4.Bg2 f5 5.O-O Nf6 6.c4 Be7 7.d5 Ne4 8.Nd4 c5 9.
Nb5 a6 10.N5c3 Nd6 11.e4 O-O 12.Nd2 Bf6 13.Qe2 Nf7 14.Nf3 exd5 15.exd5 d6 
16.Qc2 g6 17.Ne2 Re8 18.Nf4 Qc8 19.h4 Nd7 20.h5 Nf8 21.hxg6 hxg6 22.Bd2 b5
23.Bc3 Ne5 24.b3 b4 25.Bb2 Qd7 26.Nd3 Nxf3+ 27.Bxf3 Bxb2 28.Qxb2 Qg7 29.
Qxg7+ Kxg7 30.Rfe1 Kf7 31.Rxe8 Kxe8 32.a3 a5 33.g4 bxa3 34.gxf5 gxf5 35.
Rxa3 Ke7 36.Kg2 Ng6 37.Kf1 Kf6 38.Be2 Kg5 39.Ke1 Bc8 40.Kd2 f4 41.b4 cxb4 
42.Nxb4 Bd7 43.Nd3 Bf5 44.c5 1/2-1/2

[Event "8th Asia-ch"]
[Site "Subic Bay Free Port PHI"]
[Date "2010.04.22"]
[Round "2"]
[White "Nadera, Barlo"]
[Black "Torre, Eugenio"]
[Result "1/2-1/2"]
[WhiteElo "2405"]
[BlackElo "2506"]
[EventDate "2010.04.21"]
[PlyCount "67"]

1.d4 e6 2.c4 Bb4+ 3.Nd2 Nf6 4.Qc2 c5 5.e3 cxd4 6.exd4 b6 7.a3 Be7 8.Bd3 
Bb7 9.Ngf3 d6 10.b4 Nbd7 11.Bb2 Rc8 12.Qb3 Rc7 13.O-O O-O 14.Rfe1 Re8 15.
Rac1 Qa8 16.Bb1 Bf8 17.h3 Rec8 18.g4 g6 19.Kh2 Bg7 20.Ng5 h6 21.Nge4 Nxe4 
22.Nxe4 d5 23.Nd6 dxc4 24.Qg3 Rf8 25.Nxc4 Qb8 26.b5 Rd8 27.a4 Nf6 28.Ne5 
Rxc1 29.Rxc1 Ne4 30.Bxe4 Bxe4 31.Nc6 Qxg3+ 32.Kxg3 Rd7 33.Nb8 Rd8 34.Nc6 
1/2-1/2

[Event "8th Asia-ch"]
[Site "Subic Bay Free Port PHI"]
[Date "2010.04.22"]
[Round "2"]
[White "Yee Soon Wei"]
[Black "Gundavaa, Bayarsaihan"]
[Result "0-1"]
[WhiteElo "2209"]
[BlackElo "2471"]
[EventDate "2010.04.21"]
[PlyCount "102"]

1.e4 c5 2.Nf3 d6 3.d4 cxd4 4.Nxd4 Nf6 5.Nc3 a6 6.Bg5 e6 7.f4 Nc6 8.Nxc6 
bxc6 9.e5 h6 10.Bh4 g5 11.Bf2 Nd5 12.Ne4 gxf4 13.Qh5 Rb8 14.Bd3 Rg8 15.O-O
Rg5 16.Nxg5 Qxg5 17.Qxg5 hxg5 18.exd6 Bxd6 19.b3 Ke7 20.Rfe1 c5 21.c4 Nb4 
22.Be4 Bb7 23.Bxb7 Rxb7 24.Red1 a5 25.Rd2 Nc6 26.Rxd6 Kxd6 27.Rd1+ Nd4 28.
Bxd4 cxd4 29.Rxd4+ Ke5 30.Rd1 a4 31.Rb1 Kd4 32.Kf2 axb3 33.axb3 e5 34.Rd1+
Kc3 35.Rd5 Re7 36.Rb5 g4 37.c5 e4 38.c6 e3+ 39.Ke1 f3 40.gxf3 gxf3 41.Rb7 
Re6 42.Rxf7 Rxc6 43.Rxf3 Kd3 44.Kf1 Kd2 45.Kg2 e2 46.Rf2 Kd1 47.Rxe2 Kxe2 
48.Kg3 Rg6+ 49.Kf4 Rh6 50.Ke4 Rh4+ 51.Ke5 Kd3 0-1

[Event "8th Asia-ch"]
[Site "Subic Bay Free Port PHI"]
[Date "2010.04.22"]
[Round "2"]
[White "Florendo, Paulo James"]
[Black "Dableo, Ronald"]
[Result "1/2-1/2"]
[WhiteElo "2262"]
[BlackElo "2464"]
[EventDate "2010.04.21"]
[PlyCount "123"]

1.Nf3 c5 2.g3 Nc6 3.Bg2 e5 4.d3 g6 5.O-O Bg7 6.c4 Nge7 7.Nc3 O-O 8.a3 b6 
9.Rb1 Bb7 10.b4 d6 11.Bd2 Qd7 12.Qa4 h6 13.Nd5 Nxd5 14.cxd5 Nb8 15.Qb3 Na6
16.e4 Kh7 17.Be3 cxb4 18.axb4 Nc7 19.b5 f5 20.Rfc1 Rf7 21.Rc2 Kg8 22.Bh3 
Qd8 23.Nh4 Kh7 24.Rbc1 f4 25.Bd2 a6 26.bxa6 Nxa6 27.Rb1 Nc5 28.Qxb6 Ba6 
29.Qxd8 Rxd8 30.Bf1 Bxd3 31.Bxd3 Nxd3 32.f3 fxg3 33.hxg3 Bf6 34.Kg2 Bg5 
35.Rb3 Nc5 36.Ra3 Bxd2 37.Rxd2 h5 38.Rb2 Rdd7 39.Rb6 Rf8 40.Rb4 Kg7 41.Kf2
Rc7 42.Ke3 Rf6 43.Rb6 Nd7 44.Rba6 Nc5 45.Ra7 Rff7 46.Rxc7 Rxc7 47.Ra8 Rb7 
48.Rd8 Rb6 49.Ke2 Nb3 50.Rd7+ Kf6 51.Ke3 Nd4 52.f4 Ra6 53.Kf2 Nb5 54.Nf3 
Ra2+ 55.Kf1 Ra1+ 56.Kf2 Ra2+ 57.Kf1 Ra7 58.Rxa7 Nxa7 59.fxe5+ dxe5 60.Kf2 
Nb5 61.Ke3 Nd6 62.Kd3 1/2-1/2

[Event "8th Asia-ch"]
[Site "Subic Bay Free Port PHI"]
[Date "2010.04.22"]
[Round "2"]
[White "Le Quang Liem"]
[Black "Wang Chen"]
[Result "1/2-1/2"]
[WhiteElo "2689"]
[BlackElo "2390"]
[EventDate "2010.04.21"]
[PlyCount "140"]

1.d4 d5 2.c4 e6 3.Nf3 Nf6 4.Nc3 Nbd7 5.Bg5 c6 6.e3 Qa5 7.Nd2 Bb4 8.Qc2 O-O
9.Be2 Re8 10.O-O Bxc3 11.bxc3 e5 12.Rac1 exd4 13.cxd4 dxc4 14.Bxf6 Nxf6 
15.Bxc4 Be6 16.Nb3 Qc7 17.Bd3 Rad8 18.Nc5 Bc8 19.h3 Rd5 20.Rfe1 h6 21.Bc4 
Rd6 22.Rcd1 Nd5 23.Nd3 Bf5 24.Qc1 Nb6 25.Bb3 Be4 26.Nc5 Bd5 27.Qa3 Bxb3 
28.Qxb3 Rb8 29.Qa3 Nc8 30.Re2 Rd8 31.Rc2 Qe7 32.Qa4 b5 33.Qb4 Nd6 34.Nb3 
Qe4 35.Rdc1 Rbc8 36.Na5 Nf5 37.Nxc6 Nh4 38.f3 Qxe3+ 39.Kh1 Nf5 40.Qe1 
Qxe1+ 41.Rxe1 Rd6 42.d5 Kf8 43.Re5 g6 44.Kg1 f6 45.Ree2 Rxd5 46.Nxa7 Rxc2 
47.Rxc2 Ke7 48.Kf2 h5 49.g4 hxg4 50.hxg4 Nd6 51.Nc6+ Kd7 52.Nb8+ Ke6 53.
Na6 Rd4 54.Ke3 Rc4 55.Rxc4 Nxc4+ 56.Kd4 Kd6 57.Nc5 Ne5 58.Ne4+ Ke6 59.Kc5 
Nxf3 60.Kxb5 f5 61.Nc5+ Kd5 62.gxf5 Nd4+ 63.Kb6 Nxf5 64.a4 Nd6 65.Nd7 g5 
66.Nf6+ Kd4 67.Kc7 Nc4 68.Kc6 Kc3 69.Ne4+ Kb3 70.Nxg5 Na3 1/2-1/2

[Event "8th Asia-ch"]
[Site "Subic Bay Free Port PHI"]
[Date "2010.04.22"]
[Round "2"]
[White "Battulga, Namhai"]
[Black "Wen Yang"]
[Result "1/2-1/2"]
[WhiteElo "2357"]
[BlackElo "2520"]
[EventDate "2010.04.21"]
[PlyCount "54"]

1.e4 e5 2.Nf3 Nc6 3.Bc4 Bc5 4.c3 Nf6 5.d4 exd4 6.e5 d5 7.Bb5 Ne4 8.cxd4 
Bb6 9.Nc3 O-O 10.Be3 f6 11.exf6 Nxc3 12.bxc3 Qxf6 13.Qb3 Ne7 14.O-O c6 15.
Bd3 Ng6 16.Bg5 Qd6 17.c4 Rxf3 18.c5 Qe6 19.gxf3 Bc7 20.Rfe1 Qh3 21.Re8+ 
Nf8 22.f4 Qg4+ 23.Kh1 Qf3+ 24.Kg1 Qg4+ 25.Kh1 Qh5 26.Re7 Bxf4 27.Bxf4 Qh3 
1/2-1/2

[Event "8th Asia-ch"]
[Site "Subic Bay Free Port PHI"]
[Date "2010.04.22"]
[Round "2"]
[White "Lu Yijie"]
[Black "Khamrakulov, Dzhurabek"]
[Result "0-1"]
[WhiteElo "2349"]
[BlackElo "2509"]
[EventDate "2010.04.21"]
[PlyCount "118"]

1.e4 c6 2.d4 d5 3.Nd2 dxe4 4.Nxe4 Bf5 5.Ng3 Bg6 6.h4 h6 7.Nf3 Nd7 8.h5 Bh7
9.Bd3 Bxd3 10.Qxd3 e6 11.Bd2 Ngf6 12.O-O-O Be7 13.Kb1 O-O 14.Ne4 Nxe4 15.
Qxe4 Nf6 16.Qe2 Qd5 17.Be3 b5 18.Ne5 Bd6 19.Ng4 Nxg4 20.Qxg4 f5 21.Qe2 a5 
22.g3 f4 23.gxf4 Bxf4 24.Rhg1 Bxe3 25.Qxe3 Rf6 26.Qg3 Qd7 27.Rg2 Raf8 28.
Rdg1 R8f7 29.c3 Qd5 30.Qb8+ Kh7 31.Qe8 Qe4+ 32.Ka1 Rxf2 33.Rxf2 Rxf2 34.a3
Qc2 35.Qg6+ Qxg6 36.hxg6+ Kg8 37.a4 Kf8 38.Re1 Ke7 39.d5 cxd5 40.axb5 Kd6 
41.Ka2 Rf6 42.Ka3 Kc7 43.Ka4 Kb6 44.b3 Rf4+ 45.c4 Re4 46.Rc1 e5 47.Ka3 
dxc4 48.bxc4 Rd4 49.Kb3 e4 50.Re1 Kc5 51.Ka4 Rxc4+ 52.Kxa5 Rc3 53.Ka6 e3 
54.b6 Ra3+ 55.Kb7 Kd4 56.Kc7 Rc3+ 57.Kd7 Rb3 58.Rd1+ Kc3 59.Rd6 e2 0-1